000 00721nam a2200217 i 4500
001 97186
003 ES-MaACL
005 20251030141919.0
007 t|
008 050707s1907 ag |||| |bspa d
100 1 _aMañach, Francisco.
_976247
245 1 0 _aConcepción Arenal, la mujer más grande del siglo XIX /
_cFrancisco Mañach.
260 _aBuenos Aires :
_bJuan A. Alsina,
_c1907.
300 _a268 p. ;
_c23 cm.
530 _aDisponible en formato digital.
600 1 4 _aArenal, Concepción,
_d1820-1893
_922591
852 _aES-MaACL
_jD-161
_cSVI
856 4 _uhttp://bdh-rd.bne.es/viewer.vm?id=0000202807&page=1
_y(Biblioteca Digital Hispánica)
942 _2udc
999 _c97186
_d97186